Juntos construyendo nación
Estas memorias recopilan los resultados de las metas logradas, con la esperanza de que este material se convierta en un elemento de diálogo pedagógico que genere estrategias para llevar a la práctica acciones que enrumben las instituciones educativas por el camino correcto
Saved in:
| Corporate Authors: | , |
|---|---|
| 格式: | Conference Proceeding 圖書 |
| 語言: | Spanish |
| 出版: |
Bogotá:
Secretaría de Educación Distrital,
1997
|
| 主題: | |
| 在線閱讀: | Enlace del recurso |
| 標簽: |
添加標簽
沒有標簽, 成為第一個標記此記錄!
|
MARC
| LEADER | 00000nam a2200000 a 4500 | ||
|---|---|---|---|
| 001 | 001416 | ||
| 008 | 041109s1997 ck a fr# o000|0#spa#d | ||
| 041 | 0 | |a spa | |
| 043 | |a s-ck--- | ||
| 082 | 0 | 4 | |a 372.21 |b C553c |
| 111 | 2 | |a Congreso de Directivos Docentes. Escuela-empresa : juntos construyendo nación |n (4 : |d Oct. 6-10, 1997: |c Bogotá) | |
| 245 | 1 | 0 | |a Juntos construyendo nación |c IV Congreso de Docentes Directivos y |
| 260 | |a Bogotá: |b Secretaría de Educación Distrital, |c 1997 | ||
| 300 | |a 153 p.: |b il. | ||
| 520 | 3 | |a Estas memorias recopilan los resultados de las metas logradas, con la esperanza de que este material se convierta en un elemento de diálogo pedagógico que genere estrategias para llevar a la práctica acciones que enrumben las instituciones educativas por el camino correcto | |
| 650 | 1 | 4 | |a EDUCACIÓN PREESCOLAR |z COLOMBIA |
| 650 | 1 | 4 | |a EDUCACIÓN DE NIÑOS |
| 711 | |a Conferencia Internacional de Educación Preescolar |n (1 : |d Oct. 6-10, 1997: |c Bogotá) | ||
| 999 | |c 3568 |d 3568 | ||
| 856 | |u https://catalogo.idep.edu.co/cgi-bin/koha/opac-detail.pl?biblionumber=3568 |z Enlace del recurso | ||